-
Turban, Efraim . Rainer, R.Kelly and others
Entry Personal Name
Number of records used in: 1
001 - CONTROL NUMBER
003 - CONTROL NUMBER IDENTIFIER
005 - DATE AND TIME OF LATEST TRANSACTION
- control field:
20180201122350.0
008 - FIXED-LENGTH DATA ELEMENTS
- fixed length control field:
180201|| aca||aabn | a|a d
040 ## - CATALOGING SOURCE
- Original cataloging agency:
OSt
- Transcribing agency:
OSt
100 ## - HEADING--PERSONAL NAME
- Personal name:
Turban, Efraim . Rainer, R.Kelly and others
670 ## - SOURCE DATA FOUND
- Source citation:
Work cat.: (OSt)133: Turban, Efraim . Rainer, R.Kelly and others, Introduction to : Information Technology, 2003